The sinner and the Savior. (Record no. 5096)

000 -LEADER
fixed length control field 00616nam a2200193 a 4500
001 - CONTROL NUMBER
control field :::00002837$&:&@@
003 - CONTROL NUMBER IDENTIFIER
control field OkBaRHE
005 - DATE AND TIME OF LATEST TRANSACTION
control field 20000607103257.0
008 - FIXED-LENGTH DATA ELEMENTS--GENERAL INFORMATION
fixed length control field j 000 0 eng u
040 ## - CATALOGING SOURCE
Transcribing agency
100 1# - MAIN ENTRY--PERSONAL NAME
Personal name Saphir, Adolph.
245 14 - TITLE STATEMENT
Title The sinner and the Savior.
260 ## - PUBLICATION, DISTRIBUTION, ETC. (IMPRINT)
Place of publication, distribution, etc Harrisburg, PA., :
Name of publisher, distributor, etc The Christian Alliance Publibishing Co.
Date of publication, distribution, etc nd
300 ## - PHYSICAL DESCRIPTION
Extent 223 p. ;
Dimensions 20 cm.
650 ## - SUBJECT ADDED ENTRY--TOPICAL TERM
Topical term or geographic name as entry element Bible New Testament
General subdivision Biography
650 ## - SUBJECT ADDED ENTRY--TOPICAL TERM
Topical term or geographic name as entry element Converts, Christian
General subdivision Biography
942 ## - ADDED ENTRY ELEMENTS (KOHA)
Source of classification or shelving scheme
Koha item type Books
Copies
Barcode Full call number Source of classification or shelving scheme Price effective from Damaged status Permanent Location Date last seen Shelving location Date acquired Withdrawn status Copy number Koha item type Lost status Not for loan
2837BS 2430 .S2855 2010-04-14 RHEMA Bible Training College2018-03-16General Stacks2010-04-14 1Books